000 00675nam a2200229Ia 4500
003 OSt
005 20220928112057.0
006 a|||||r|||| 00| 0
007 ta
008 220927b |||||||| |||| 00| 0 eng d
024 _a54509
037 _cTextual
040 _aSDCL
_cSDCL
_beng
041 _2eng
_aeng
082 _aV44Q7:3(Q7)'N8, N3
100 _aKaushik Surendra Nath
_9397525
245 0 _aPolitics of Islamization in Pakistan
_b A study of Zia regime
260 _aNew Delhi
_bSouth Asian Publishers
_c1993
300 _aix,208p
_ccm.
942 _hV44Q7:3(Q7)'N8, N3
_cTEXL
_2CC
999 _c743161
_d743161